Jamaica Trivia Quiz - Statistieken

Algemene statistieken
  • Deze quiz is 336 keer genomen
  • De gemiddelde score is 12 van 20
Antwoordstatistieken
Hint Antwoord % Correct
Officiële taal Engels
92%
Hoofdstad Kingston
91%
Zee waar Jamaica in ligt Caribische zee
90%
De snelste sprinter aller tijden Usain Bolt
89%
Zangeres van "One Love" en "No Woman, No Cry" Bob Marley
82%
Muzikaal genre van het bovenstaande Reggae
82%
Valuta van Jamaica Jamaicaanse Dollar
80%
Land waaruit Jamaica in 1962 onafhankelijk werd Verenigd Koninkrijk
80%
Eilandketen waar Jamaica deel van uitmaakt Grote {Antillen}
67%
Eerste Europeaan die Jamaica bezocht Christoffel Columbus
64%
Sport waaraan Jamaica meerdere keren heeft deelgenomen aan de Olympische Winterspelen Bobsleeën
61%
Persoon die technisch gezien het staatshoofd van Jamaica is Koning Charles III
56%
Industrie die goed is voor 36% van het bbp Toerisme
51%
Afrocentrische religie die is ontstaan in Jamaica Rastafari
47%
Belangrijkste exportproduct van Jamaica in koloniale tijden Suiker
45%
Jamaica heeft het op een na hoogste percentage hiervan ter wereld, alleen achter El Salvador Moord
42%
Populaire toeristenbestemming uit het nummer 'Kokomo' {Montego} Bay
27%
Creoolse taal die door de meeste Jamaicanen wordt gesproken Jamaicaans {Patois}
21%
Buurt in de hoofdstad die bekend staat als de geboorteplaats van dat genre {Trench}town
21%
Kruidenmengsel bestaande uit piment, Scotch bonnet-paprika's en meer Jerk
17%
Geen overeenkomende quizzen gevonden
Scoreverdeling
Procent van Mensen met Elke Score
Percentiel versus Aantal Correcte Antwoorden
Uw Scoregeschiedenis
U heeft deze quiz nog niet genomen